000
00294nam a22001337a 4500
003
SGT
082
_a
JAI 510
100
_a
JAIN,M.L
245
_a
ALGEBRA (B.A/B.Sc SEM.-1)
260
_a
NEW DELHI
_b
JEEVAN SONS
_c
2016
300
_a
V.P.
650
_a
MATHEMATICS, ALGEBRA
942
_2
ddc
_c
FPS
_0
8
999
_c
10190
_d
10190